<?xml version="1.0" encoding="UTF-8"?>
<record
    xmlns:xsi="http://www.w3.org/2001/XMLSchema-instance"
    xsi:schemaLocation="http://www.loc.gov/MARC21/slim http://www.loc.gov/standards/marcxml/schema/MARC21slim.xsd"
    xmlns="http://www.loc.gov/MARC21/slim">

  <leader>00872nam0a22002411  4500</leader>
  <controlfield tag="001">rc\1013023</controlfield>
  <controlfield tag="005">20260406140444.0</controlfield>
  <datafield tag="035" ind1=" " ind2=" ">
    <subfield code="a">(NLR Aleph) 006178355</subfield>
  </datafield>
  <datafield tag="090" ind1=" " ind2=" ">
    <subfield code="a">6038761</subfield>
    <subfield code="c">6038761</subfield>
  </datafield>
  <datafield tag="100" ind1=" " ind2=" ">
    <subfield code="a">20041129d1981    |||y0rusy50      ca</subfield>
  </datafield>
  <datafield tag="101" ind1="0" ind2=" ">
    <subfield code="a">rus</subfield>
  </datafield>
  <datafield tag="102" ind1=" " ind2=" ">
    <subfield code="a">RU</subfield>
  </datafield>
  <datafield tag="105" ind1=" " ind2=" ">
    <subfield code="a">y   |||||||||</subfield>
  </datafield>
  <datafield tag="200" ind1="1" ind2=" ">
    <subfield code="a">&#x41A;&#x43E;&#x440;&#x43C;&#x430; &#x438; &#x43A;&#x43E;&#x440;&#x43C;&#x43B;&#x435;&#x43D;&#x438;&#x435; &#x441;&#x43A;&#x43E;&#x442;&#x430;</subfield>
    <subfield code="e">[&#x421;&#x431;. &#x441;&#x442;&#x430;&#x442;&#x435;&#x439;]</subfield>
    <subfield code="f">&#x41B;&#x430;&#x442;&#x432;. &#x41D;&#x418;&#x418; &#x436;&#x438;&#x432;&#x43E;&#x442;&#x43D;&#x43E;&#x432;&#x43E;&#x434;&#x441;&#x442;&#x432;&#x430; &#x438; &#x432;&#x435;&#x442;&#x435;&#x440;&#x438;&#x43D;&#x430;&#x440;&#x438;&#x438;</subfield>
    <subfield code="g">[&#x41E;&#x442;&#x432;. &#x440;&#x435;&#x434;. &#x42D;.&#x42F;. &#x42F;&#x443;&#x43D;&#x441;&#x43B;&#x435;&#x439;&#x43D;&#x438;&#x441;]</subfield>
  </datafield>
  <datafield tag="210" ind1=" " ind2=" ">
    <subfield code="a">&#x420;&#x438;&#x433;&#x430;</subfield>
    <subfield code="c">&#x410;&#x432;&#x43E;&#x442;&#x441;</subfield>
    <subfield code="d">1981</subfield>
  </datafield>
  <datafield tag="215" ind1=" " ind2=" ">
    <subfield code="a">111 &#x441;.</subfield>
    <subfield code="d">21</subfield>
  </datafield>
  <datafield tag="702" ind1=" " ind2="1">
    <subfield code="a">&#x42F;&#x443;&#x43D;&#x441;&#x43B;&#x435;&#x439;&#x43D;&#x438;&#x441;</subfield>
    <subfield code="b">&#x42D;.&#x42F;.</subfield>
    <subfield code="4">340</subfield>
  </datafield>
  <datafield tag="712" ind1="0" ind2="2">
    <subfield code="a">&#x41B;&#x430;&#x442;&#x432;&#x438;&#x439;&#x441;&#x43A;&#x438;&#x439; &#x41D;&#x418;&#x418; &#x436;&#x438;&#x432;&#x43E;&#x442;&#x43D;&#x43E;&#x432;&#x43E;&#x434;&#x441;&#x442;&#x432;&#x430; &#x438; &#x432;&#x435;&#x442;&#x435;&#x440;&#x438;&#x43D;&#x430;&#x440;&#x438;&#x438;</subfield>
    <subfield code="c">&#x420;&#x438;&#x433;&#x430;</subfield>
    <subfield code="3">RU\NLR\AUTH\889919475</subfield>
    <subfield code="9">335155</subfield>
  </datafield>
  <datafield tag="801" ind1=" " ind2="0">
    <subfield code="a">RU</subfield>
    <subfield code="b">NLR</subfield>
    <subfield code="g">psbo</subfield>
  </datafield>
  <datafield tag="801" ind1=" " ind2="1">
    <subfield code="a">RU</subfield>
    <subfield code="b">ELAR</subfield>
    <subfield code="2">rusmarc</subfield>
  </datafield>
  <datafield tag="852" ind1=" " ind2=" ">
    <subfield code="a">NLR</subfield>
    <subfield code="j">81-3/5147</subfield>
  </datafield>
  <datafield tag="942" ind1=" " ind2=" ">
    <subfield code="c">BOOK</subfield>
  </datafield>
  <datafield tag="980" ind1=" " ind2=" ">
    <subfield code="a">NB</subfield>
  </datafield>
  <datafield tag="995" ind1=" " ind2=" ">
    <subfield code="5">2013-10-26</subfield>
    <subfield code="b">NLR01</subfield>
    <subfield code="c">NLR01</subfield>
    <subfield code="e">RF9</subfield>
    <subfield code="f">6178355-10</subfield>
    <subfield code="k">81-3/5147</subfield>
    <subfield code="o">0</subfield>
    <subfield code="r">BOOK</subfield>
    <subfield code="s">8135147_</subfield>
  </datafield>
</record>
